The Book of Were-Wolves (Record no. 234653)
[ view plain ]
| 000 -LEADER | |
|---|---|
| fixed length control field | 01201cam a22002413a 4500 |
| 001 - CONTROL NUMBER | |
| control field | 5324 |
| 003 - CONTROL NUMBER IDENTIFIER | |
| control field | PGUSA |
| 005 - DATE AND TIME OF LATEST TRANSACTION | |
| control field | 20140828083118.0 |
| 008 - FIXED-LENGTH DATA ELEMENTS--GENERAL INFORMATION | |
| fixed length control field | 040301s2004||||xxu|||||s|||||000 | eng d |
| 040 ## - CATALOGING SOURCE | |
| Original cataloging agency | PGUSA |
| Language of cataloging | eng |
| 042 ## - AUTHENTICATION CODE | |
| Authentication code | dc |
| 050 #4 - LIBRARY OF CONGRESS CALL NUMBER | |
| Classification number | GR |
| 100 1# - MAIN ENTRY--PERSONAL NAME | |
| Personal name | Baring-Gould, S. |
| Fuller form of name | (Sabine), |
| Dates associated with a name | 1834-1924 |
| 245 14 - TITLE STATEMENT | |
| Title | The Book of Were-Wolves |
| Medium | [electronic resource] / |
| Statement of responsibility, etc | S. Baring-Gould |
| 260 ## - PUBLICATION, DISTRIBUTION, ETC. (IMPRINT) | |
| Name of publisher, distributor, etc | Project Gutenberg, |
| Date of publication, distribution, etc | 2004 |
| 505 0# - FORMATTED CONTENTS NOTE | |
| Formatted contents note | Introductory -- Lycanthropy among the ancients -- The were-wolf in the North -- The origin of the Scandinavian were-wolf -- The were-wolf in the Middle Ages -- A chapter of horrors -- Jean Grenier -- Folk-lore relating to were-wolves -- Natural causes of lycanthropy -- Mythological origin of the were-wolf myth -- The Maréchal de Retz: I. The investigation of charges -- The Maréchal de Retz: II. The trial -- The Maréchal de Retz: III. The sentence and execution -- A Galician were-wolf -- Anomalous case: The human hyena -- A sermon on were-wolves. |
| 506 ## - RESTRICTIONS ON ACCESS NOTE | |
| Terms governing access | Public domain in the USA. |
| 516 ## - TYPE OF COMPUTER FILE OR DATA NOTE | |
| Type of computer file or data note | Electronic text |
| 653 ## - INDEX TERM--UNCONTROLLED | |
| Uncontrolled term | Werewolves |
| 830 #0 - SERIES ADDED ENTRY--UNIFORM TITLE | |
| Uniform title | Project Gutenberg |
| Volume number/sequential designation | 5324 |
| 856 40 - ELECTRONIC LOCATION AND ACCESS | |
| Uniform Resource Identifier | <a href="http://www.gutenberg.org/ebooks/5324">http://www.gutenberg.org/ebooks/5324</a> |
| 942 ## - ADDED ENTRY ELEMENTS (KOHA) | |
| Koha item type | eBooks |
| Withdrawn status | Lost status | Damaged status | Home library | Current library | Date acquired | Total Checkouts | Date last seen | Price effective from | Koha item type |
|---|---|---|---|---|---|---|---|---|---|
| Project Gutenberg | Project Gutenberg | 08/28/2014 | 08/28/2014 | 08/28/2014 | eBooks |